Con tan grande furia : (Record n. 36617)
[ formato base ]
| 000 -LEADER | |
|---|---|
| fixed length control field | 01651nam a2200241 i 4500 |
| 003 - CONTROL NUMBER IDENTIFIER | |
| control field | IT-RoINE |
| 005 - DATE AND TIME OF LATEST TRANSACTION | |
| control field | 20220301105441.0 |
| 008 - FIXED-LENGTH DATA ELEMENTS--GENERAL INFORMATION | |
| fixed length control field | 110615s2021 sp af r 000 |dspa d |
| 020 ## - INTERNATIONAL STANDARD BOOK NUMBER | |
| International Standard Book Number | 9788417930400 |
| 040 ## - CATALOGING SOURCE | |
| Original cataloging agency | BUS |
| Description conventions | rda |
| Transcribing agency | IT-RoINE |
| Modifying agency | IT-RoINE |
| 245 00 - TITLE STATEMENT | |
| Title | Con tan grande furia : |
| Remainder of title | escritos sobre Tintoretto, 1545-1780 / |
| Statement of responsibility, etc | Humberto Huergo Cardoso |
| 246 30 - VARYING FORM OF TITLE | |
| Title proper/short title | Escritos sobre Tintoretto, 1545-1780 |
| 260 ## - PUBLICATION, DISTRIBUTION, ETC. (IMPRINT) | |
| Place of publication, distribution, etc | Madrid : |
| Name of publisher, distributor, etc | Casimiro, |
| Date of publication, distribution, etc | 2021 |
| 300 ## - PHYSICAL DESCRIPTION | |
| Extent | 286 p : |
| Other physical details | il. ; |
| Dimensions | 21 cm |
| 336 ## - CONTENT TYPE | |
| Content type term | texto |
| Content type code | txt [ |
| Source | rdacontent] |
| 337 ## - MEDIA TYPE | |
| Source | rdamedia |
| Media type term | unmediated |
| 338 ## - CARRIER TYPE | |
| Source | rdacarrier |
| Carrier type term | volume |
| 504 ## - BIBLIOGRAPHY, ETC. NOTE | |
| Bibliography, etc | Obras citadas: p. [271]-286. |
| 520 ## - SUMMARY, ETC. | |
| Summary, etc | Los textos aquí reunidos -escritos sobre Tintoretto (1518-1594) entre la segunda mitad del siglo XVI y finales del siglo XVIII, algunos en español y otros traducidos del italiano y del francés- constituyen una auténtica anatomía del pintor veneciano. Ninguna de las preguntas que nos hacemos los Modernos ante la obra de Tintoretto es nueva: en qué consiste la "dificultad" de Tintoretto?, están acabados sus cuadros?, qué es una obra "acabada"?, qué lugar ocupa el azar en la producción artística? Tintoretto, borra o pinta? Es la suya una pintura de borrones, "hecha de un modo que se suele usar en Venecia, por así decir, confuso", como ya dijo Boschini en 1660? La antología incluye textos nunca antes traducidos al español de autores como Sansovino, Doni, Ridolfi, Roger de Piles o Cochin, así como extractos de la Memoria de Velázquez y de las apostillas del Greco |
| 600 00 - SUBJECT ADDED ENTRY--PERSONAL NAME | |
| Personal name | Tintoretto, |
| Dates associated with a name | 1518-1594 |
| 9 (RLIN) | 70948 |
| 700 ## - ADDED ENTRY--PERSONAL NAME | |
| Personal name | Huergo Cardoso, Humberto |
| 9 (RLIN) | 70949 |
| 942 ## - ADDED ENTRY ELEMENTS (KOHA) | |
| Item type | Monografías |
| Withdrawn status | Lost status | Damaged status | Not for loan | Home library | Current library | Date acquired | Full call number | Barcode | Date last seen | Price effective from | Koha item type |
|---|---|---|---|---|---|---|---|---|---|---|---|
| Iglesia Nacional Española en Roma | Iglesia Nacional Española en Roma | 01/03/2022 | ART.ARQ 1625 | 64234 | 01/03/2022 | 01/03/2022 | Monografías |